Sculpture in the age of doubt / (Record no. 294)

MARC details
000 -LEADER
campo de control de longitud fija 00849 a2200277 4500
001 - NÚMERO DE CONTROL
campo de control 2337662
005 - FECHA Y HORA DE LA ÚLTIMA TRANSACCIÓN
campo de control 20220326193300.0
010 ## - NÚMERO DE CONTROL DE LA BIBLIOTECA DEL CONGRESO
Número de control de LC 98074535
020 ## - NÚMERO INTERNACIONAL ESTÁNDAR DEL LIBRO
Número Internacional Estándar del Libro 1581150237
035 ## - NÚMERO DE CONTROL DEL SISTEMA
Número de control de sistema (OCoLC)40980460
035 ## - NÚMERO DE CONTROL DEL SISTEMA
Número de control de sistema (OCoLC)ocm40980460
035 ## - NÚMERO DE CONTROL DEL SISTEMA
Número de control de sistema (NNC)2337662
040 ## - FUENTE DE CATALOGACIÓN
Centro catalogador/agencia de origen DLC
Centro/agencia transcriptor DLC
050 00 - SIGNATURA TOPOGRÁFICA DE LA BIBLIOTECA DEL CONGRESO
Número de clasificación NB198.5.P66
Número de ítem M37 1999
082 ## - NÚMERO DE LA CLASIFICACIÓN DECIMAL DEWEY
Número de clasificación 735.24
Número de ítem M478s
100 1# - ENTRADA PRINCIPAL--NOMBRE DE PERSONA
Nombre de persona McEvilley, Thomas,
Fechas asociadas al nombre 1939-2013.
9 (RLIN) 1362
245 10 - MENCIÓN DEL TÍTULO
Título Sculpture in the age of doubt /
Mención de responsabilidad, etc. Thomas McEvilley.
260 ## - PUBLICACIÓN, DISTRIBUCIÓN, ETC.
Lugar de publicación, distribución, etc. New York :
Nombre del editor, distribuidor, etc. School of Visual Arts ;
-- Allworth Press,
Fecha de publicación, distribución, etc. c1999.
300 ## - DESCRIPCIÓN FÍSICA
Extensión viii, 439 p. :
Otras características físicas ill. ;
Dimensiones 23 cm.
490 1# - MENCIÓN DE SERIE
Mención de serie Aesthetics today
504 ## - NOTA DE BIBLIOGRAFÍA, ETC.
Nota de bibliografía, etc. Includes bibliographical references (p. 393-424) and index.
650 #0 - PUNTO DE ACCESO ADICIONAL DE MATERIA--TÉRMINO DE MATERIA
Término de materia o nombre geográfico como elemento de entrada Sculpture, Modern
Subdivisión cronológica 20th century.
9 (RLIN) 1363
650 #0 - PUNTO DE ACCESO ADICIONAL DE MATERIA--TÉRMINO DE MATERIA
Término de materia o nombre geográfico como elemento de entrada Postmodernism.
9 (RLIN) 1309
830 #0 - PUNTO DE ACCESO ADICIONAL DE SERIE-TÍTULO UNIFORME
Título uniforme Aesthetics today.
9 (RLIN) 17
Holdings
Estatus retirado Estado de pérdida Fuente del sistema de clasificación o colocación Estado de daño No para préstamo Biblioteca de origen Biblioteca actual Ubicación en estantería Fecha de adquisición Total de préstamos Signatura topográfica completa Código de barras Visto por última vez Precio de reemplazo Tipo de ítem Koha
    Clasificación Decimal Dewey     Biblioteca LadoV Biblioteca LadoV   22/08/2014   735.24 M478s 000336 22/08/2014 22/08/2014 Material 01